Madonna - Drowned World / Substitute for Love - Lyrics - Statistics

General Stats
  • This quiz has been taken 13 times
  • The average score is 179 of 219
Answer Stats
Answer % Correct
a
100%
for
100%
I
100%
love
100%
my
100%
My
100%
substitute
100%
be
88%
can
88%
cannot
88%
changed
88%
find
88%
in
88%
is
88%
It
88%
it
88%
I've
88%
many
88%
mind
88%
No
88%
no
88%
now
88%
Now
88%
second
88%
Should
88%
so
88%
Some
88%
The
88%
the
88%
things
88%
This
88%
wait
88%
what
88%
Who
88%
Without
88%
you
88%
you?
88%
all
75%
And
75%
back
75%
bought
75%
face
75%
Feeling
75%
found
75%
game
75%
gladly
75%
got
75%
had
75%
Looking
75%
lovers
75%
of
75%
Of
75%
one
75%
religion
75%
'round
75%
silly
75%
suffered
75%
that
75%
to
75%
travelled
75%
world
75%
alone
63%
asked
63%
badly
63%
became
63%
exactly
63%
famous
63%
far
63%
home
63%
more
63%
myself
63%
off
63%
places
63%
rooms
63%
Running
63%
rushing
63%
stand
63%
stranger
63%
thought
63%
traded
63%
Wanted
63%
buy
50%
crowded
50%
dark
50%
Drug
50%
faces
50%
fame
50%
fools
50%
handsome
50%
night
50%
steal
50%
try
50%
felt
38%
happy
38%
heart
38%
laughter
38%
never
38%
settled
38%
spotlight
38%
Trinkets
38%
wheel
38%
basking
25%
danger
25%
Ferris
25%
fire
25%
heady
25%
land
25%
spark
25%
thrill
25%
No matching quizzes found
Score Distribution
Percent of People with Each Score
Percentile by Number Answered
Your Score History
You have not taken this quiz